Religion Quiz

Random Religion or Art Quiz
Score 0/20 Timer 08:00
1 Play Today
% Correct
Moses
94.8%
Judas
79.6%
John
75.6%
Jesus
73.9%
Cain slaying Abel
71%
Peter
64.8%
Lot
58.3%
Lazarus
56.9%
Martha
53.3%
Noah
51.5%
% Correct
Ruth
51.3%
Joseph
50.2%
Rachel
43.9%
Abraham
43%
Rebecca (Rebekah)
28.3%
Elijah
25.9%
Gideon
21.7%
Joshua
21.2%
Ezekiel
17.8%
Abigail
16.3%
Remove Ads.
Support Sporcle.
Get the best of Sporcle when you Go Orange. This ad-free experience offers more features, more stats, and more fun while also helping to support Sporcle. Thank you for becoming a member.

You're not logged in!

Compare scores with friends on all Sporcle quizzes.
OR
Log In

Show Comments

Extras

Top Quizzes Today


Score Distribution

Your Account Isn't Verified!

In order to create a playlist on Sporcle, you need to verify the email address you used during registration. Go to your Sporcle Settings to finish the process.

Report this User

Report this user for behavior that violates our Community Guidelines.

Details: